000 00284nam a2200109Ia 4500
008 200302s9999 xx 000 0 und d
100 _aRichard T. Legates & others
245 _aThe City Reader 2nd ed.
260 _bRoutledge Taylor & Francis Group
260 _c2002
300 _a608 P.,
999 _c5603
_d5603